00686nam a22002177a 4500003000500000005001700005008004100022010001000063011001000073035001000083040000900093100003100102245007100133260007200204300001000276490003800286650002600324650001600350710006400366830003800430CHAP20220329140046.0971013s1985 r 00010 d a46367 a47339 a51481 cCHAP00aPérez Chávez, Ramón. aInstructivo para el uso y manejo del telerrelascopio de Bitterlich aMéxico :bInstituto Nacional de Investigaciones Forestales,c1985 a46 p. aINIF. Boletín divulgativov; 7114aBosquesxInventarios.14aRelascopio.0 aInstituto Nacional de Investigaciones Forestales. México.0 aINIF. Boletín divulgativov; 71